Statistics for "Rich Men North of Richmond" - Lyrics Quiz

Click here to take the quiz!

General Stats

  • This quiz has been taken 11 times
  • The average score is 250 of 318

Answer Stats

Answer% Correct
I
100%
me
100%
of
100%
the
100%
a
88%
all
88%
an
88%
and
88%
And
88%
away
88%
be
88%
been
88%
bullshit
88%
but
88%
But
88%
damn
88%
day
88%
do
88%
For
88%
for
88%
here
88%
in
88%
is
88%
it
88%
It's
88%
it's
88%
I've
88%
just
88%
life
88%
like
88%
men
88%
my
88%
no
88%
not
88%
Not
88%
on
88%
out
88%
pay
88%
people
88%
rich
88%
Richmond
88%
sit
88%
So
88%
they
88%
to
88%
up
88%
what
88%
With
88%
workin'
88%
you
88%
your
88%
ain't
75%
back
75%
can
75%
'Cause
75%
Cause
75%
could
75%
don't
75%
drown
75%
got
75%
gotten
75%
have
75%
home
75%
hours
75%
know
75%
Livin'
75%
Lord
75%
new
75%
north
75%
oh
75%
old
75%
Overtime
75%
politicians
75%
sellin'
75%
shame
75%
shit
75%
soul
75%
that
75%
think
75%
troubles
75%
true
75%
wake
75%
waste
75%
we
75%
wish
75%
Wish
75%
world
75%
world's
75%
worlds
75%
3
63%
300
63%
5
63%
bags
63%
control
63%
dollar
63%
down
63%
end
63%
folks
63%
fudge
63%
God
63%
if
63%
island
63%
knows
63%
look
63%
miners
63%
minors
63%
nothin'
63%
ought
63%
pounds
63%
somewhere
63%
street
63%
taxed
63%
them
63%
this
63%
total
63%
welfare
63%
would
63%
you're
63%
country
50%
does
50%
eat
50%
foot
50%
keep
50%
milkin'
50%
obese
50%
rounds
50%
Taxes
50%
Wanna
50%
wanna
50%
are
38%
Drag
38%
feet
38%
ground
38%
kickin'
38%
puttin'
38%
six
38%
themselves
38%
These
38%
Well
38%
Young
38%

Score Distribution

Percentile by Number Answered

Percent of People with Each Score

Your Score History

You have not taken this quiz